[Event "ICS rated bullet match"]
[Site "204.178.125.65"]
[Date "2000.06.30"]
[Round "?"]
[White "luis1"]
[Black "Hossa"]
[Result "0-1"]
[WhiteElo "1676"]
[BlackElo "2521"]
[PlyCount "58"]
[EventDate "2000.??.??"]

1. Nf3 d5 2. c4 dxc4 3. e3 Be6 4. Be2 Nf6 5. Nc3 Nc6 6. O-O Bf5 7. Ng5 Bd3 8.
Nf3 e5 9. Nxe5 Nxe5 10. Bxd3 Qxd3 11. f4 Nc6 12. Qf3 O-O-O 13. Nb5 Bb4 14. a3
Bxd2 15. Bxd2 Qxd2 16. Rfd1 Qxb2 17. Rxd8+ Rxd8 18. Re1 Qxb5 19. h3 Qb2 20. g4
Qxa3 21. g5 Nd7 22. Qg4 Qd3 23. Rd1 Qxe3+ 24. Kg2 c3 25. h4 c2 26. Rf1 Nd4 27.
Rg1 Qxg1+ 28. Kh3 Qxg4+ 29. Kxg4 c1=Q {luis1 resigns} 0-1

[Event "ICS rated bullet match"]
[Site "204.178.125.65"]
[Date "2000.06.30"]
[Round "?"]
[White "Hossa"]
[Black "jazzchess2"]
[Result "1-0"]
[WhiteElo "2521"]
[BlackElo "1176"]
[PlyCount "47"]
[EventDate "2000.??.??"]

1. e4 g6 2. d4 Bg7 3. c4 c6 4. Nc3 d6 5. Nf3 Bg4 6. Be2 Nf6 7. O-O O-O 8. Ng5
Bxe2 9. Qxe2 e5 10. dxe5 dxe5 11. Be3 Nbd7 12. Rad1 Qc7 13. Rd2 Rfe8 14. Rfd1
Rad8 15. b3 Re7 16. Bc5 h6 17. Bxe7 hxg5 18. Bxd8 Qxd8 19. Qe3 Qc7 20. Qxa7
Nxe4 21. Rxd7 Nxc3 22. Rxc7 Nxd1 23. Qxb7 Kh7 24. Rxf7 {jazzchess2 resigns} 1-0

[Event "ICS rated bullet match"]
[Site "204.178.125.65"]
[Date "2000.06.30"]
[Round "?"]
[White "jazzchess2"]
[Black "Hossa"]
[Result "0-1"]
[WhiteElo "1176"]
[BlackElo "2521"]
[PlyCount "44"]
[EventDate "2000.??.??"]

1. d4 Nf6 2. c4 e6 3. Nc3 Bb4 4. Bg5 h6 5. Bh4 c5 6. d5 Bxc3+ 7. bxc3 d6 8. e3
O-O 9. f3 Qe7 10. Bd3 exd5 11. Ne2 dxc4 12. Bxc4 Nc6 13. Bf2 Ne5 14. O-O Nxc4
15. Nf4 Nxe3 16. Bxe3 Qxe3+ 17. Kh1 Qxf4 18. Re1 Re8 19. Rxe8+ Nxe8 20. Qc2 Bf5
21. Re1 Bxc2 22. Rxe8+ Rxe8 {jazzchess2 resigns} 0-1

[Event "ICS rated bullet match"]
[Site "204.178.125.65"]
[Date "2000.06.30"]
[Round "?"]
[White "Hossa"]
[Black "jazzchess2"]
[Result "1-0"]
[WhiteElo "2521"]
[BlackElo "1176"]
[PlyCount "39"]
[EventDate "2000.??.??"]

1. e4 g6 2. d4 Bg7 3. c4 c6 4. Nc3 d6 5. Nf3 Bg4 6. Be2 Nf6 7. O-O O-O 8. Ng5
Bxe2 9. Qxe2 h6 10. Nf3 Nbd7 11. Bf4 Re8 12. Rad1 Nb6 13. Rb1 e5 14. dxe5 dxe5
15. Bxe5 Ng4 16. Bxg7 Kxg7 17. Rbd1 Nf6 18. Rxd8 Raxd8 19. e5 Re7 20. exf6+ {
jazzchess2 resigns} 1-0

[Event "ICS rated blitz match"]
[Site "204.178.125.65"]
[Date "2000.06.30"]
[Round "?"]
[White "julikiki"]
[Black "Hossa"]
[Result "0-1"]
[WhiteElo "1937"]
[BlackElo "2427"]
[PlyCount "86"]
[EventDate "2000.??.??"]

1. e4 e5 2. Nf3 Nc6 3. Bb5 Nge7 4. O-O a6 5. Ba4 d6 6. d4 b5 7. Bb3 Nxd4 8.
Nxd4 exd4 9. c3 dxc3 10. Nxc3 Bb7 11. Bg5 f6 12. Be3 Qd7 13. Nd5 Nxd5 14. Bxd5
Bxd5 15. Qxd5 c6 16. Qd4 Be7 17. Rfd1 O-O 18. Rac1 f5 19. e5 d5 20. b4 a5 21.
a3 axb4 22. axb4 Ra4 23. Rb1 f4 24. Bxf4 Bxb4 25. Rxb4 Rxb4 26. Qxb4 Qg4 27. f3
Qxf4 28. Qd6 Qe3+ 29. Kh1 Qc3 30. e6 g6 31. e7 Re8 32. Qe6+ Kg7 33. Qd7 Kf7 34.
Qd8 Qe5 35. Qb6 Rxe7 36. h3 Qc3 37. Rd4 h6 38. Rf4+ Ke6 39. Qb8 Qe1+ 40. Kh2
Qe5 41. Qg8+ Kd7 42. g3 Qb2+ 43. Kg1 Re1# {julikiki checkmated} 0-1

[Event "ICS rated blitz match"]
[Site "204.178.125.65"]
[Date "2000.06.30"]
[Round "?"]
[White "Hossa"]
[Black "julikiki"]
[Result "1-0"]
[WhiteElo "2429"]
[BlackElo "1935"]
[PlyCount "71"]
[EventDate "2000.??.??"]

1. e4 e6 2. Nf3 d5 3. e5 c5 4. d4 Nc6 5. dxc5 Bxc5 6. Nc3 a6 7. Bd3 b5 8. O-O
Bb7 9. a4 b4 10. Ne2 Qb6 11. Bf4 Nge7 12. Rc1 Ng6 13. Bxg6 hxg6 14. Ra1 Rh5 15.
Ng3 Rh8 16. Qd2 O-O-O 17. Bg5 Rd7 18. Rfd1 Na5 19. Qe2 d4 20. Ne4 Bxe4 21. Qxe4
Qc6 22. Qd3 Rh5 23. Rdc1 Kb7 24. Qe2 Rd5 25. Bf4 f6 26. Re1 f5 27. Rec1 d3 28.
Qf1 dxc2 29. Rxc2 b3 30. Rc3 Qb6 31. Rac1 Bb4 32. Be3 Qd8 33. Rc8 Qd7 34. Ra8
Rd3 35. Ra7+ Kb8 36. Rxd7 {julikiki resigns} 1-0

[Event "ICS rated bullet match"]
[Site "204.178.125.65"]
[Date "2000.06.30"]
[Round "?"]
[White "Hossa"]
[Black "RokoMotion"]
[Result "1-0"]
[WhiteElo "2521"]
[BlackElo "1873"]
[PlyCount "57"]
[EventDate "2000.??.??"]

1. e4 c6 2. Qe2 d5 3. d3 dxe4 4. dxe4 e5 5. Nf3 Nd7 6. Nc3 Ngf6 7. Bd2 Qc7 8.
O-O-O a5 9. Kb1 Bc5 10. Na4 Ba7 11. Qe1 O-O 12. Bd3 b5 13. Bxa5 Qb8 14. Nc3 Bd4
15. Nxd4 exd4 16. Ne2 Qa7 17. b4 Nb6 18. Nxd4 Nc4 19. Bxc4 bxc4 20. Nxc6 Qb7
21. Rd6 Be6 22. f3 Rfc8 23. Nd8 Rxd8 24. Rxd8+ Rxd8 25. Bxd8 Nd7 26. Qd2 Nb6
27. Bxb6 Qxb6 28. a4 c3 29. Qxc3 {RokoMotion resigns} 1-0

[Event "ICS rated bullet match"]
[Site "204.178.125.65"]
[Date "2000.06.30"]
[Round "?"]
[White "RokoMotion"]
[Black "Hossa"]
[Result "0-1"]
[WhiteElo "1872"]
[BlackElo "2522"]
[PlyCount "66"]
[EventDate "2000.??.??"]

1. e4 e5 2. d4 exd4 3. c3 dxc3 4. Nxc3 Nc6 5. Nf3 d6 6. Bc4 Nf6 7. O-O Be7 8.
Ng5 O-O 9. f4 Ng4 10. h3 Bxg5 11. hxg4 Bh4 12. f5 Ne5 13. Be2 Bg3 14. Bf4 Bxf4
15. Rxf4 Qg5 16. Qf1 c6 17. Re1 Qh4 18. Qf2 Qf6 19. Qg3 Qd8 20. g5 Qb6+ 21. Kh2
Qxb2 22. g6 fxg6 23. fxg6 Rxf4 24. Qxf4 Qxc3 25. Rf1 Be6 26. gxh7+ Kh8 27. Qh4
Qe3 28. Bh5 Bxa2 29. Bf3 Bc4 30. Rh1 Qxf3 31. Kg1 Qe3+ 32. Kh2 Bd3 33. Qe7 Ng4#
0-1

[Event "ICS rated bullet match"]
[Site "204.178.125.65"]
[Date "2000.06.30"]
[Round "?"]
[White "Hossa"]
[Black "expertkiller"]
[Result "1-0"]
[WhiteElo "2526"]
[BlackElo "1320"]
[PlyCount "55"]
[EventDate "2000.??.??"]

1. e4 e5 2. Nf3 Nf6 3. d4 Nc6 4. dxe5 Nxe5 5. Nxe5 Nxe4 6. Qd5 Qf6 7. Qxe4 Bd6
8. Ng6+ Qe6 9. Qxe6+ fxe6 10. Nxh8 Ke7 11. Bd3 c5 12. Bg5+ Ke8 13. Bxh7 g6 14.
Bxg6+ Kf8 15. Nf7 Kg7 16. Nxd6 Kxg6 17. h4 b5 18. Be3 Ba6 19. h5+ Kg7 20. Bxc5
Rh8 21. Bd4+ Kg8 22. Bxh8 Kxh8 23. h6 b4 24. h7 b3 25. axb3 Be2 26. Kxe2 Kg7
27. h8=Q+ Kg6 28. Qh6# 1-0

[Event "ICS rated bullet match"]
[Site "204.178.125.65"]
[Date "2000.06.30"]
[Round "?"]
[White "YourCensorList"]
[Black "Hossa"]
[Result "0-1"]
[WhiteElo "1738"]
[BlackElo "2526"]
[PlyCount "20"]
[EventDate "2000.??.??"]

1. e4 e5 2. Nf3 Nc6 3. d4 exd4 4. Nxd4 Bc5 5. Be3 Qf6 6. c3 Nge7 7. Na3 Bxa3 8.
bxa3 O-O 9. Bc4 Qg6 10. f3 Qxg2 0-1

[Event "ICS rated bullet match"]
[Site "204.178.125.65"]
[Date "2000.06.30"]
[Round "?"]
[White "Hossa"]
[Black "specialgal"]
[Result "1-0"]
[WhiteElo "2526"]
[BlackElo "1176"]
[PlyCount "31"]
[EventDate "2000.??.??"]

1. e4 e5 2. Nf3 Nc6 3. Bb5 Nf6 4. Bxc6 dxc6 5. O-O Bc5 6. Nxe5 Bd4 7. Nf3 O-O
8. Nxd4 Qxd4 9. d3 Qb6 10. Nc3 Bg4 11. Qe1 Rae8 12. Qe3 g5 13. Qxg5+ Kh8 14.
Qxf6+ Kg8 15. Bh6 Rd8 16. Qg7# 1-0

[Event "ICS rated standard match"]
[Site "204.178.125.65"]
[Date "2000.06.30"]
[Round "?"]
[White "ZarkovX"]
[Black "Hossa"]
[Result "1-0"]
[WhiteElo "2597"]
[BlackElo "2256"]
[PlyCount "59"]
[EventDate "2000.??.??"]

1. e4 e5 2. Nf3 Nc6 3. Bb5 Nge7 4. O-O a6 5. Ba4 d6 6. Nc3 b5 7. Bb3 Na5 8. d3
Nxb3 9. axb3 Bg4 10. h3 Bh5 11. Bg5 f6 12. Be3 g5 13. d4 Nc6 14. d5 Nb4 15. Ne2
Bxf3 16. gxf3 Qc8 17. Kh2 a5 18. c3 Na6 19. Rxa5 Bg7 20. Qd3 Qb7 21. Rxb5 Qc8
22. Ra1 Nc5 23. Rxa8 Qxa8 24. Qc4 Kd8 25. Bxc5 dxc5 26. d6 Kd7 27. dxc7 Rc8 28.
Qf7+ Kc6 29. c4 Bf8 30. Nc3 {Hossa resigns} 1-0

[Event "ICS rated standard match"]
[Site "204.178.125.65"]
[Date "2000.06.30"]
[Round "?"]
[White "Hossa"]
[Black "ZarkovX"]
[Result "1-0"]
[WhiteElo "2252"]
[BlackElo "2601"]
[PlyCount "182"]
[EventDate "2000.??.??"]

1. e4 e6 2. Nf3 d5 3. e5 c5 4. d4 Nc6 5. dxc5 Bxc5 6. Nc3 Nge7 7. Na4 Bb4+ 8.
c3 Ba5 9. Bd3 Bc7 10. Qe2 b6 11. O-O Bb7 12. Bg5 Qd7 13. b3 Ng6 14. Bxg6 hxg6
15. Nb2 Rh5 16. Nd3 Ba6 17. Rfe1 Bd8 18. Bxd8 Rxd8 19. Qd2 Kf8 20. Nf4 Rh6 21.
Ne2 Qc7 22. Qf4 Rc8 23. Ned4 Qe7 24. Ng5 Nxd4 25. cxd4 Rh5 26. h4 Rc7 27. a3
Bd3 28. Rec1 Bc2 29. Qd2 Bf5 30. f3 Rxh4 31. Rxc7 Qxc7 32. g3 Rh8 33. Rc1 Qd8
34. g4 Kg8 35. gxf5 gxf5 36. f4 Rh4 37. Qf2 Rh5 38. Qg3 a5 39. Kf2 b5 40. Ke2
b4 41. axb4 axb4 42. Qg1 Kf8 43. Rc2 Qb8 44. Qc1 Rh2+ 45. Ke3 Rxc2 46. Qxc2 Qb7
47. Qc5+ Kg8 48. Qd6 Qc8 49. Qxb4 Qc1+ 50. Qd2 Qf1 51. b4 Qg1+ 52. Kd3 Qf1+ 53.
Kc2 g6 54. Kb2 Qc4 55. Nh3 Kg7 56. Ng1 Qb5 57. Ne2 Kf8 58. Nc1 Ke8 59. Nd3 Kd8
60. Qc2 Qa6 61. Qc3 Qb5 62. Qa3 Qc4 63. Qa5+ Ke8 64. Qa8+ Ke7 65. Qa7+ Ke8 66.
Nc1 Qf1 67. Qb8+ Ke7 68. Qc7+ Kf8 69. Qd8+ Kg7 70. Qf6+ Kg8 71. Qh4 Qc4 72.
Qd8+ Kg7 73. Nb3 Qxb4 74. Qh4 Qb5 75. Qf2 f6 76. exf6+ Kxf6 77. Qh4+ Kf7 78.
Qh7+ Kf6 79. Qc7 Qb4 80. Qd8+ Kf7 81. Qd7+ Qe7 82. Qxe7+ Kxe7 83. Nd2 Kf6 84.
Nf3 Kf7 85. Kc3 Kg7 86. Kb4 Kf6 87. Kc5 Ke7 88. Kc6 Ke8 89. Kd6 Kf7 90. Ne5+
Kf6 91. Nxg6 Kxg6 {ZarkovX resigns} 1-0

[Event "ICS rated bullet match"]
[Site "204.178.125.65"]
[Date "2000.06.30"]
[Round "?"]
[White "Hossa"]
[Black "Husarz"]
[Result "1-0"]
[WhiteElo "2526"]
[BlackElo "1127"]
[PlyCount "21"]
[EventDate "2000.??.??"]

1. e4 d5 2. exd5 Qxd5 3. Nc3 Qd8 4. Nf3 Nf6 5. Bc4 Bf5 6. O-O e6 7. Nh4 Be7 8.
Nxf5 exf5 9. Qf3 Qd7 10. Qxb7 Qc6 11. Bb5 {Husarz resigns} 1-0

[Event "ICS rated bullet match"]
[Site "204.178.125.65"]
[Date "2000.06.30"]
[Round "?"]
[White "Hossa"]
[Black "Husarz"]
[Result "1-0"]
[WhiteElo "2526"]
[BlackElo "1083"]
[PlyCount "27"]
[EventDate "2000.??.??"]

1. e4 d5 2. exd5 Qxd5 3. Nc3 Qa5 4. Nf3 c6 5. Bc4 Nf6 6. O-O Bf5 7. d4 e6 8.
Nh4 Be7 9. Nxf5 exf5 10. Re1 O-O 11. Rxe7 Ng4 12. Rxb7 Na6 13. Bf4 Nb4 14. Bc7
{Husarz resigns} 1-0

[Event "ICS rated standard match"]
[Site "204.178.125.65"]
[Date "2000.06.30"]
[Round "?"]
[White "PostModernist"]
[Black "Hossa"]
[Result "1-0"]
[WhiteElo "2396"]
[BlackElo "2280"]
[PlyCount "119"]
[EventDate "2000.??.??"]

1. d4 Nf6 2. c4 e6 3. Nf3 c5 4. d5 exd5 5. cxd5 g6 6. Nc3 Bg7 7. e4 O-O 8. Bd3
Na6 9. d6 Nb4 10. O-O Nxd3 11. Qxd3 Qe8 12. h3 Qe6 13. e5 Ne8 14. Re1 f6 15.
exf6 Qxf6 16. Bg5 Qxd6 17. Qc4+ Kh8 18. Be7 Qf4 19. Re4 Qf5 20. Bxf8 Qxf8 21.
Rf4 Nf6 22. Ng5 b5 23. Qxb5 Bh6 24. h4 Qe7 25. Qb3 c4 26. Qxc4 Bb7 27. Qf7 Ng8
28. Qxe7 Nxe7 29. Rf7 Bxg5 30. hxg5 Nc6 31. Rxd7 Bc8 32. Rc7 Nd8 33. Re1 Be6
34. Ne4 Bg8 35. Nf6 Nf7 36. Rxa7 Rc8 37. Ree7 Rf8 38. Nxg8 Kxg8 39. f4 Kg7 40.
a4 Kg8 41. a5 Kg7 42. a6 Kg8 43. Rxf7 Rxf7 44. Rxf7 Kxf7 45. a7 Ke6 46. a8=Q
Kd6 47. Qb8+ Ke6 48. Qg8+ Kd6 49. Qxh7 Ke6 50. Qxg6+ Kd5 51. Qd3+ Kc6 52. g6
Kb6 53. Qd6+ Kb5 54. Qd5+ Kb6 55. g7 Ka6 56. Qd3+ Kb6 57. Qd6+ Kb5 58. g8=Q Ka5
59. Qgd5+ Ka4 60. b3# {Hossa checkmated} 1-0

[Event "ICS rated standard match"]
[Site "204.178.125.65"]
[Date "2000.06.30"]
[Round "?"]
[White "Hossa"]
[Black "QueenMaxima"]
[Result "0-1"]
[WhiteElo "2269"]
[BlackElo "2406"]
[PlyCount "162"]
[EventDate "2000.??.??"]

1. e4 e5 2. Nf3 Nc6 3. Bb5 a6 4. Ba4 Nf6 5. d3 d6 6. c3 Bd7 7. O-O g6 8. Be3
Bg7 9. Nbd2 O-O 10. d4 exd4 11. cxd4 Re8 12. d5 Na7 13. Bxd7 Qxd7 14. Qb3 c6
15. Bxa7 Rxa7 16. dxc6 bxc6 17. Rfe1 Rb7 18. Qc2 d5 19. exd5 cxd5 20. Rac1
Rxe1+ 21. Nxe1 Rb8 22. Nd3 Qf5 23. Nf3 Re8 24. Rd1 Qe6 25. Re1 Qd7 26. Rxe8+
Nxe8 27. Qc5 h6 28. Qe3 Qb5 29. Nfe1 Nd6 30. Qe7 Ne4 31. Qd8+ Kh7 32. Qe7 f5
33. Qf7 Ng5 34. Qe7 Qa4 35. Qd6 Qa5 36. h4 Ne4 37. Qe6 Nf6 38. a3 Qb5 39. Nf4
d4 40. b4 a5 41. Qf7 Qe8 42. Qxe8 Nxe8 43. bxa5 Nc7 44. Nf3 Bf6 45. Ne2 d3 46.
Nf4 d2 47. Nxd2 Bxh4 48. Nc4 Bf6 49. Nd3 Bc3 50. Nc1 Kg7 51. Ne2 Bf6 52. g3 Kf7
53. Nf4 Bh8 54. Nd6+ Kf6 55. Kg2 g5 56. Ne2 Ke6 57. Nc8 Be5 58. Nb6 h5 59. Nc4
Bf6 60. Ne3 Ke5 61. a4 Ke4 62. Nc1 f4 63. Nc4 f3+ 64. Kg1 Kd5 65. Nd2 g4 66.
Na2 Kd4 67. Kf1 h4 68. gxh4 Bxh4 69. Nb1 Kc4 70. Kg1 Kb3 71. Nac3 Kc2 72. Nb5
Na6 73. N1c3 Nc5 74. Nd5 Kd2 75. a6 Nd3 76. Kf1 Nxf2 77. a7 g3 78. a8=Q g2+ 79.
Kg1 Nh3+ 80. Kh2 g1=Q+ 81. Kxh3 Qg3# {Hossa checkmated} 0-1

[Event "ICS rated blitz match"]
[Site "204.178.125.65"]
[Date "2000.06.30"]
[Round "?"]
[White "Hossa"]
[Black "StrongBach"]
[Result "1-0"]
[WhiteElo "2417"]
[BlackElo "1845"]
[PlyCount "87"]
[EventDate "2000.??.??"]

1. e4 e6 2. Nf3 Bb4 3. c3 Be7 4. d4 a5 5. Bb5 c6 6. Bd3 Nf6 7. e5 Nd5 8. Qc2 h6
9. a3 Na6 10. O-O Nac7 11. c4 Nb6 12. Be3 d6 13. exd6 Bxd6 14. c5 Ncd5 15. cxd6
Qxd6 16. Nc3 Nxc3 17. bxc3 O-O 18. c4 Qe7 19. Ne5 Qf6 20. Bh7+ Kh8 21. Be4 Re8
22. Nd3 Qh4 23. f3 Qh5 24. Nf4 Qh4 25. Rab1 Nd7 26. Rfe1 Rd8 27. a4 Nf6 28. g3
Qg5 29. Nxe6 Bxe6 30. Bxg5 hxg5 31. Qc3 Ra7 32. g4 Re8 33. Bd3 g6 34. d5 Kg7
35. dxe6 fxe6 36. f4 gxf4 37. g5 e5 38. Rxe5 Kf7 39. gxf6 Rxe5 40. Qxe5 b5 41.
Re1 Kg8 42. Qe8+ Kh7 43. Qxg6+ Kh8 44. Re8# 1-0

[Event "ICS Rated standard match"]
[Site "204.178.125.65"]
[Date "2000.06.30"]
[Round "?"]
[White "Amy"]
[Black "Hossa"]
[Result "1/2-1/2"]
[WhiteElo "2501"]
[BlackElo "2259"]
[PlyCount "394"]
[EventDate "2000.??.??"]

1. e4 e5 2. Nf3 Nc6 3. Nc3 g6 4. d4 exd4 5. Nxd4 Bg7 6. Be3 d6 7. Be2 Bd7 8.
O-O Nf6 9. Nxc6 Bxc6 10. Bd4 O-O 11. Re1 Re8 12. Bc4 Bd7 13. e5 dxe5 14. Bxe5
c6 15. Bb3 Bf5 16. Re2 Qxd1+ 17. Rxd1 Nd7 18. Bxg7 Kxg7 19. f3 Nc5 20. Red2 h5
21. Kf2 a5 22. Rd4 b5 23. a4 b4 24. Ne2 Nxb3 25. cxb3 Bc2 26. Rc1 Bxb3 27. Rxc6
Bxa4 28. Rc5 Rac8 29. Rdc4 Bd7 30. Nd4 Rxc5 31. Rxc5 a4 32. Rc7 Rd8 33. Ke3 h4
34. Rb7 b3 35. Ra7 g5 36. Ne2 Be8 37. Nc3 Rc8 38. Ne4 Kg6 39. Nd6 Rd8 40. Ra6
Kg7 41. f4 gxf4+ 42. Kxf4 Bd7 43. Ra7 Bc6 44. Ke5 Kg6 45. Ra6 f6+ 46. Ke6 Bxg2
47. Rxa4 Bh3+ 48. Kd5 Rh8 49. Rf4 Bd7 50. Re4 Bf5 51. Rb4 Bc2 52. Ke6 f5 53. h3
Rh7 54. Ra4 Rh5 55. Ra8 Bd3 56. Rg8+ Kh7 57. Rb8 Rg5 58. Rxb3 Rg3 59. Kf6 Rxh3
60. Rb7+ Kh6 61. Nf7+ Kh5 62. Ne5 f4 63. Rb3 Rg3 64. Nxd3 Rg8 65. Nxf4+ Kg4 66.
Ng6 h3 67. Ne5+ Kh4 68. Ke6 Re8+ 69. Kd5 Rd8+ 70. Kc6 Rf8 71. Nf3+ Kg4 72. Nh2+
Kh4 73. Ra3 Rb8 74. Nf3+ Kg3 75. Ne1+ Kg4 76. Nd3 h2 77. Nf2+ Kf4 78. Ra2 Rc8+
79. Kb5 Rg8 80. Ra4+ Kf3 81. Rh4 Kg2 82. Rh5 Rf8 83. Rxh2+ Kxh2 84. Ng4+ Kg3
85. Ne5 Rc8 86. Nc6 Rh8 87. b4 Ra8 88. Ne5 Kf4 89. Ng6+ Ke4 90. Ne7 Kd4 91.
Nf5+ Ke5 92. Ne7 Kd6 93. Nf5+ Ke6 94. Nd4+ Kd5 95. Nc6 Rf8 96. Ne7+ Kd6 97. Nc6
Rc8 98. Nd4 Kd5 99. Nf5 Rb8+ 100. Ka5 Re8 101. b5 Re5 102. Nh4 Kc5 103. Ng6 Re1
104. Ka4 Re6 105. Nf8 Re7 106. Ng6 Re4+ 107. Ka5 Re2 108. Ka4 Re8 109. Kb3 Re6
110. Nf4 Re3+ 111. Ka2 Kc4 112. Kb2 Re4 113. Nh5 Re5 114. Ng3 Re3 115. Nh5 Re2+
116. Kc1 Re5 117. Ng3 Re3 118. Nf5 Rf3 119. Nh6 Rf6 120. Ng4 Rf4 121. Nh2 Kc3
122. Kd1 Kd3 123. Kc1 Rc4+ 124. Kd1 Rb4 125. Ke1 Rb2 126. Ng4 Rb1+ 127. Kf2 Ke4
128. Nf6+ Ke5 129. Ng4+ Kf4 130. Nh2 Rb2+ 131. Kg1 Kg3 132. Nf1+ Kh3 133. Ne3
Re2 134. Nd5 Kg3 135. Kf1 Kf3 136. Nb6 Re4 137. Nd7 Re7 138. Nc5 Re3 139. Nd7
Rb3 140. Ne5+ Ke4 141. Ng6 Rf3+ 142. Ke2 Rg3 143. Ne7 Rg2+ 144. Kf1 Rg7 145.
Nc6 Rb7 146. Nb4 Kd4 147. Nc6+ Ke3 148. Nb4 Ke4 149. Ke2 Ra7 150. b6 Rb7 151.
Na6 Kd4 152. Nb4 Kc4 153. Nc2 Re7+ 154. Kd2 Rd7+ 155. Ke3 Rd8 156. Na3+ Kb4
157. Nc2+ Kc3 158. Na3 Re8+ 159. Kf3 Kd3 160. Nb5 Rf8+ 161. Kg2 Ke4 162. Nd6+
Kd5 163. Nb5 Rb8 164. Nc3+ Kc4 165. Na4 Rg8+ 166. Kf2 Kb4 167. Nb2 Kb5 168. b7
Rf8+ 169. Ke3 Re8+ 170. Kd4 Rd8+ 171. Kc3 Rb8 172. Kd4 Kc6 173. Ke5 Kc7 174.
Kd5 Rd8+ 175. Ke5 Re8+ 176. Kd5 Kb8 177. Kc6 Re6+ 178. Kd5 Re7 179. Kd6 Rf7
180. Ke6 Rc7 181. Nd3 Kxb7 182. Ne5 Rg7 183. Kd5 Re7 184. Kd6 Re8 185. Kd5 Kb6
186. Nc4+ Kc7 187. Ne5 Kb7 188. Kd6 Kb6 189. Nc4+ Kb5 190. Ne5 Kb4 191. Nc6+
Kc4 192. Na5+ Kb4 193. Nc6+ Kc4 194. Na5+ Kb4 195. Nc6+ Kb5 196. Ne5 Kb4 197.
Nc6+ Kb5 1/2-1/2

[Event "ICS Unrated blitz match"]
[Site "204.178.125.65"]
[Date "2000.06.30"]
[Round "?"]
[White "PostModernist"]
[Black "Hossa"]
[Result "1/2-1/2"]
[WhiteElo "2625"]
[BlackElo "2418"]
[PlyCount "103"]
[EventDate "2000.??.??"]

1. e4 d5 2. exd5 Nf6 3. d4 Nxd5 4. Nf3 g6 5. c4 Nb6 6. Be2 Bg7 7. Nc3 Nc6 8. d5
Na5 9. O-O O-O 10. c5 Bxc3 11. cxb6 Bg7 12. bxa7 Rxa7 13. Be3 b6 14. Qd2 e6 15.
dxe6 Qxd2 16. exf7+ Rxf7 17. Bxd2 Bxb2 18. Rab1 Re7 19. Rfe1 Bg7 20. Bc4+ Nxc4
21. Rxe7 Nxd2 22. Nxd2 Bf8 23. Re8 Bd7 24. Rd8 Be6 25. Re1 Bf7 26. Ne4 Rxa2 27.
Ng5 Bc4 28. h4 h6 29. Ree8 hxg5 30. Rxf8+ Kg7 31. hxg5 Re2 32. Rh8 c5 33. Rhe8
Rxe8 34. Rxe8 Kf7 35. Rb8 b5 36. Rc8 Ke7 37. Rxc5 Kd6 38. Rc8 Ke5 39. Rf8 Kd4
40. f4 b4 41. f5 b3 42. Rb8 gxf5 43. g6 Kc3 44. g7 b2 45. Kf2 Be6 46. Rb6 Bg8
47. Ke3 Kc2 48. g4 fxg4 49. Kf4 Ba2 50. g8=Q Bxg8 51. Rxb2+ Kxb2 52. Kxg4
1/2-1/2

[Event "ICS rated bullet match"]
[Site "204.178.125.65"]
[Date "2000.06.30"]
[Round "?"]
[White "Templates"]
[Black "Hossa"]
[Result "0-1"]
[WhiteElo "1504"]
[BlackElo "2526"]
[PlyCount "68"]
[EventDate "2000.??.??"]

1. d4 Nf6 2. c3 d5 3. Nf3 Bf5 4. Bf4 Nh5 5. Bg3 Nxg3 6. hxg3 Nd7 7. e3 Nf6 8.
Bd3 Bg4 9. Qc2 h6 10. Nbd2 g6 11. O-O-O Bg7 12. Kb1 Qd7 13. a3 O-O-O 14. Ne5
Bxd1 15. Rxd1 Qe8 16. b4 Nd7 17. f4 Nxe5 18. fxe5 Kb8 19. Rf1 Rc8 20. Rf2 Rf8
21. Nf3 Qd7 22. Nh4 Qg4 23. Nf3 Qxg3 24. Rf1 Qg4 25. Nd2 Qxg2 26. Nb3 Qxc2+ 27.
Kxc2 b6 28. Ba6 Rcd8 29. Bb5 Kb7 30. a4 c6 31. Bd3 h5 32. a5 Bh6 33. axb6 axb6
34. Ra1 Ra8 {Templates resigns} 0-1

[Event "ICS rated bullet match"]
[Site "204.178.125.65"]
[Date "2000.06.30"]
[Round "?"]
[White "Hossa"]
[Black "Templates"]
[Result "1-0"]
[WhiteElo "2526"]
[BlackElo "1504"]
[PlyCount "67"]
[EventDate "2000.??.??"]

1. e4 d5 2. exd5 Qxd5 3. Nc3 Qa5 4. Nf3 Nf6 5. d4 Bf5 6. Ne5 c6 7. Bc4 e6 8. g4
Bg6 9. Nxg6 hxg6 10. h4 Be7 11. Qe2 Qc7 12. g5 Nh5 13. Qg4 O-O 14. Bd2 Nd7 15.
O-O-O Bd6 16. Ne4 Nf4 17. Nxd6 Qxd6 18. Bxf4 Qe7 19. Rde1 Nb6 20. Bb3 Rad8 21.
Be3 Qd7 22. Kb1 Qd6 23. c3 a5 24. Bd1 a4 25. Bc2 a3 26. b3 Qd7 27. f4 Qc7 28.
c4 Ra8 29. h5 Nd7 30. hxg6 fxg6 31. Qxe6+ Rf7 32. Rh8+ Kxh8 33. Qxf7 b5 34.
Rh1# 1-0

[Event "ICS rated bullet match"]
[Site "204.178.125.65"]
[Date "2000.07.01"]
[Round "?"]
[White "Matthew"]
[Black "Hossa"]
[Result "0-1"]
[WhiteElo "1645"]
[BlackElo "2529"]
[PlyCount "44"]
[EventDate "2000.??.??"]

1. e4 e5 2. Nf3 Nc6 3. Bc4 Nf6 4. d3 Bc5 5. Nc3 O-O 6. Bg5 h6 7. Bxf6 Qxf6 8.
Nd5 Qd8 9. c3 a6 10. O-O b5 11. Bb3 d6 12. d4 Ba7 13. Qd2 Bg4 14. Rfe1 Bxf3 15.
gxf3 exd4 16. cxd4 Nxd4 17. Rac1 Nxf3+ 18. Kg2 Nxd2 19. Rxc7 Qg5+ 20. Kh1 Bxf2
21. Rd1 Qg4 22. Ra1 Qxe4# {Matthew checkmated} 0-1

[Event "ICS rated bullet match"]
[Site "204.178.125.65"]
[Date "2000.07.01"]
[Round "?"]
[White "Hossa"]
[Black "Matthew"]
[Result "1-0"]
[WhiteElo "2529"]
[BlackElo "1645"]
[PlyCount "103"]
[EventDate "2000.??.??"]

1. e4 c6 2. Qe2 d5 3. d3 dxe4 4. dxe4 Nf6 5. e5 Nd5 6. Qd2 Bf5 7. c4 Nc7 8.
Qxd8+ Kxd8 9. Nf3 e6 10. Be2 Nd7 11. O-O Bc5 12. Rd1 Ke7 13. Bg5+ f6 14. Bf4
Rad8 15. exf6+ gxf6 16. Bxc7 Rc8 17. Ba5 b6 18. Bc3 Rhd8 19. b4 Bd6 20. Nd4 Ne5
21. Nxf5+ exf5 22. Nd2 Rc7 23. f4 Nf7 24. g3 Rcd7 25. Bh5 c5 26. Re1+ Kf8 27.
Bxf6 cxb4 28. Bxd8 Bc5+ 29. Kh1 Rxd2 30. Rad1 Rxd1 31. Rxd1 Nxd8 32. Rxd8+ Ke7
33. Rh8 Kf6 34. Rxh7 Bf8 35. Rf7+ Ke6 36. Rxf8 Kd6 37. Rxf5 Kc6 38. g4 Kd6 39.
h4 Kc6 40. Rd5 Kc7 41. Be8 Kb7 42. g5 Kc7 43. h5 Kc8 44. g6 Kc7 45. h6 Kc8 46.
f5 Kc7 47. f6 Kb7 48. f7 Kc8 49. g7 Kc7 50. Rd7+ Kc8 51. h7 Kb8 52. Kg2 {
Matthew resigns} 1-0

[Event "ICS rated standard match"]
[Site "204.178.125.65"]
[Date "2000.07.01"]
[Round "?"]
[White "Hossa"]
[Black "Esen"]
[Result "1-0"]
[WhiteElo "2269"]
[BlackElo "1923"]
[PlyCount "39"]
[EventDate "2000.??.??"]

1. e4 c6 2. Qe2 d5 3. d3 Nf6 4. e5 Ng8 5. Nc3 Bf5 6. Bg5 Qb6 7. O-O-O e6 8. g4
Bg6 9. Nf3 Bb4 10. Nb1 Be7 11. Bxe7 Nxe7 12. h4 h5 13. Bh3 Nd7 14. Rhg1 O-O-O
15. d4 Rdg8 16. gxh5 Bxh5 17. Bg4 Bg6 18. h5 Be4 19. Ng5 Rf8 20. Nxe4 {
Esen resigns} 1-0

[Event "ICS rated bullet match"]
[Site "204.178.125.65"]
[Date "2000.07.01"]
[Round "?"]
[White "carbide"]
[Black "Hossa"]
[Result "0-1"]
[WhiteElo "2112"]
[BlackElo "2532"]
[PlyCount "36"]
[EventDate "2000.??.??"]

1. Nf3 d5 2. g3 Nf6 3. Bg2 e6 4. O-O Be7 5. d3 O-O 6. Nbd2 c5 7. e4 Nc6 8. e5
Nd7 9. Re1 f6 10. c4 Ndxe5 11. Nxe5 fxe5 12. cxd5 exd5 13. Qb3 Be6 14. Qxb7 Rc8
15. Qb3 Nd4 16. Qd1 Bd6 17. Nf3 Bg4 18. Be3 Nxf3+ {carbide resigns} 0-1

[Event "ICS rated bullet match"]
[Site "204.178.125.65"]
[Date "2000.07.01"]
[Round "?"]
[White "Hossa"]
[Black "carbide"]
[Result "1-0"]
[WhiteElo "2535"]
[BlackElo "2109"]
[PlyCount "25"]
[EventDate "2000.??.??"]

1. e4 e6 2. Nf3 c5 3. Nc3 Nc6 4. Bc4 a6 5. O-O Nge7 6. d3 d5 7. exd5 exd5 8.
Bb3 g6 9. Qe2 Be6 10. Be3 d4 11. Ne4 Nd5 12. Bg5 f6 13. Nxf6+ {carbide resigns}
1-0